Statistics for Countries Party to the Antarctic Treaty System

Click here to take the quiz!

General Stats

  • This quiz has been taken 196 times
    (20 since last reset)
  • The average score is 44 of 56

Answer Stats

Country% Correct
Argentina
100%
Australia
100%
Chile
100%
China
100%
Finland
100%
France
100%
Germany
100%
India
100%
Japan
100%
New Zealand
100%
Norway
100%
Russia
100%
South Africa
100%
Spain
100%
Sweden
100%
United Kingdom
100%
United States
100%
Brazil
94%
Canada
94%
Denmark
94%
Portugal
94%
Turkey
94%
Greece
88%
Netherlands
88%
Peru
88%
Austria
82%
Belgium
82%
Italy
82%
Poland
82%
South Korea
82%
Bulgaria
76%
Colombia
76%
Romania
76%
Slovakia
76%
Switzerland
76%
Uruguay
76%
Venezuela
76%
Czechia
71%
Ecuador
71%
North Korea
71%
Slovenia
71%
Ukraine
71%
Cuba
65%
Pakistan
65%
Estonia
59%
Iceland
59%
Belarus
53%
Hungary
53%
Malaysia
53%
Papua New Guinea
47%
Costa Rica
41%
Kazakhstan
41%
Mongolia
41%
Guatemala
35%
Monaco
35%
San Marino
24%

Score Distribution

Percentile by Number Answered

Percent of People with Each Score

Your Score History

You have not taken this quiz since the last reset